00437nam a2200109 a 450000100100000000500170001000800410002704000250006824501260009326000820021930000260030100003832820201002031229.0130409s1991 it ac 000 0 spa d aDO-SdBNPbspacBNPHU03aEl poder de la imagen :bProgramas de diapositivas y filminas para informar, motivar y capacitar en paises en desarrollo. aRoma :bSubdirección de Medios de Comunicación para el Desarrollo,c1991. a56 p. :bils., retrs.